Statistics for Detroit Pistons Playoffs Starters

Click here to take the quiz!

General Stats

  • This quiz has been taken 139 times
  • The average score is 23 of 81

Answer Stats

Player% Correct
Ben Wallace
99%
Chauncey Billups
99%
Rasheed Wallace
98%
Isiah Thomas
95%
Blake Griffin
94%
Andre Drummond
93%
Richard Hamilton
91%
Bill Laimbeer
89%
Joe Dumars
89%
Tayshaun Prince
83%
Dennis Rodman
80%
Reggie Jackson
77%
Grant Hill
73%
Ralph Johnson
67%
Bob Lanier
58%
Jerome Williams
58%
Adrian Dantley
51%
Dave Bing
48%
Mark Aguirre
48%
James Edwards
47%
Jerry Stackhouse
47%
Rick Mahorn
40%
Kentavious Caldwell-Pope
38%
Bob Harris
37%
Tobias Harris
37%
Luke Kennard
32%
Dave DeBusschere
30%
Rodney Stuckey
28%
Lindsey Hunter
26%
George Yardley
25%
Antonio McDyess
23%
Kelly Tripucka
23%
Marcus Morris
23%
Bailey Howell
21%
Chris Webber
21%
Clifford Robinson
20%
Gene Shue
17%
Larry Foust
16%
Allan Houston
15%
Terry Mills
15%
Chucky Atkins
14%
Howard Porter
14%
John Long
14%
Andy Phillip
12%
Chris Ford
12%
Christian Laettner
10%
Fred Schaus
10%
Don Ohl
9%
Mark West
9%
Bison Dele
7%
Michael Curry
7%
Otis Thorpe
7%
Dick McGuire
6%
M.L. Carr
6%
Orlando Woolridge
6%
Wayne Ellington
6%
Ray Scott
5%
Walter Dukes
5%
Eric Money
4%
Earl Cureton
2%
Monk Meineke
2%
Chuck Noble
1%
Dan Roundfield
1%
Don Adams
1%
Earl Lloyd
1%
Eddie Miles
1%
Frankie Brian
1%
Fred Scolari
1%
Happy Hairston
1%
Harry Gallatin
1%
Mel Hutchins
1%
Phil Jordon
1%
Bob Ferry
0%
Corky Devlin
0%
Curtis Rowe
0%
Howie Schultz
0%
Jack Kerris
0%
Joe Strawder
0%
John Oldham
0%
Ken Murray
0%
Stu Lantz
0%

Score Distribution

Percentile by Number Answered

Percent of People with Each Score

Your Score History

You have not taken this quiz